| 000 | 00766nas a2200253 i 4500 | ||
|---|---|---|---|
| 001 | 1567 | ||
| 003 | ES-MaACL | ||
| 005 | 20250812062553.0 | ||
| 007 | t| | ||
| 008 | 950801d19841989sp | | 1 ||pa d | ||
| 022 | _a0213-0629 | ||
| 080 | _a008 | ||
| 245 | 0 | 4 |
_aLas Nuevas letras _b: revista de arte y pensamiento / _cDiputación de Almería. |
| 260 |
_aAlmería : _bServicio de Publicaciones de la Diputación de Almería, _c1984-1989. |
||
| 300 |
_a1 v. ; _c28 cm. |
||
| 310 | _aIrregular | ||
| 362 | 0 | _aN. 1 (dic. 1984) -n. 9 (1989) | |
| 650 | 1 | 7 |
_aLiteratura española _2embne _914539 |
| 650 | 1 | 7 |
_aArte _2embne _910068 |
| 710 | 1 |
_aAlmería (Provincia). _bDiputación. _91339 |
|
| 852 |
_aES-MaACL _jHEM-H-466 |
||
| 866 | 0 | _o1984-89 | |
| 999 |
_c1567 _d1567 |
||